Ends in 'UP' Quiz Stats

 Plays Quiz Updated Sep 20, 2015

Also try: 'FOR' in Words
Challenge
Share
Tweet
Embed
Score 0/26 Timer 06:00
0 Plays Today
Clue Word % Correct
Robbery conducted with the use of a gunstickup/holdup
96.2%
Cosmetics such as lipstick or powder applied to the facemakeup
95.2%
Light truck with an enclosed cab and open bodypickup
91.3%
End to a relationshipbreakup
90.1%
Time in the morning when full daylight arrivessunup
89.3%
Extra copy of data in case the original is lostbackup
86.9%
Crash involving several vehiclespileup
86.5%
A regular, often annual, medical or dental examinationcheckup
85.4%
Command to a horse to go ahead or go fastergiddyup
84%
Photograph or poster of a sexually attractive person, designed to be displayed on a wallpinup
82.5%
Enlargement of a photographblowup
78.1%
Difference between the cost and the selling pricemarkup
78.1%
The driving together of cattle, horses, etc.roundup
72.8%
Clue Word % Correct
Shot in basketball made from near the basket, often banked off the backboardlayup
68.5%
Elaborate or unusual outfitgetup
63.6%
Temporary imprisonment or detentionlockup
56.1%
Schedule of television programs for a particular periodlineup
54.2%
Situation that has been completely mismanaged or mishandledscrewup/slipup
47.1%
Scheme or trick intended to incriminate someonesetup
39.1%
Destructive collision between vehiclessmashup
35.8%
Part that connects pieces of equipmenthookup
33.6%
Gradual accumulation or increasebuildup
30.6%
Person who clowns or acts boisterouslycutup
26.1%
Lessening of effort, activity, or intensityletup
25.2%
Employer's demand for accelerated output without increased payspeedup
23.4%
Loud quarrel or argumentdustup
18.8%

You're not logged in!

Compare scores with friends on all Sporcle quizzes.
Join for Free
OR
Log In

You Might Also Like...

Show Comments

Extras

Top Quizzes Today


Score Distribution

Your Account Isn't Verified!

In order to create a playlist on Sporcle, you need to verify the email address you used during registration. Go to your Sporcle Settings to finish the process.

Report this User

Report this user for behavior that violates our Community Guidelines.

Details: